| 000 | 00531nam a2200169 a 4500 | ||
|---|---|---|---|
| 001 | 2313 | ||
| 003 | CDMR | ||
| 005 | 20131003131229.0 | ||
| 008 | 130130s1988||||||||||||||||||||||||||||d | ||
| 040 |
_aCDMR _bcat _cCDMR |
||
| 100 | 1 |
_aChinchilla Marin, Carmen _91733 |
|
| 245 | 1 | 3 |
_aLa radiotelevisión como servicio público esencial _cprólogo de Eduardo García de Enterría |
| 260 |
_aMadrid _c1988 _bTecnos |
||
| 490 | 0 | _aCiencias Jurídicas | |
| 650 | 0 | 4 |
_93370 _aMitjans de comunicació de massa _xDret i legislació |
| 942 |
_cMON _2udc |
||
| 999 |
_c2313 _d2313 |
||